| 000 | 012210000a22003610004500 | ||
|---|---|---|---|
| 003 | EG-GICUC | ||
| 005 | 20250223031850.0 | ||
| 008 | 070304s2002 ua a f m 000 0 eng d | ||
| 040 |
_aEG-GICUC _beng _cEG-GICUC |
||
| 041 | 0 | _aEng | |
| 049 | _aDeposite | ||
| 097 | _aM.Sc | ||
| 099 | _aCai01.11.25.M.Sc.2002.Sa.B | ||
| 100 | 0 | _aSaleh Refaat Saleh | |
| 245 | 1 | 0 |
_aBone growth / _cSaleh Refaat Saleh ; Supervised Ahmed Hassan Rizk , Atef Mohamed Morsy , Khaled Abd El salam Shohayeb |
| 246 | 1 | 5 | _aنمو العظام |
| 260 |
_aCairo : _bSaleh Refaat Saleh , _c2002 |
||
| 300 |
_a159P : _bill ; _c25cm |
||
| 502 | _aThesis (M.Sc.) - Cairo University - Faculty Of Medicine - Department Of Orthopaedic Surgery | ||
| 530 | _aIssued also as CD | ||
| 653 | 4 | _aBone growth | |
| 653 | 4 | _aEndochondral ossification | |
| 653 | 4 | _aIntramembranaus ossification | |
| 653 | 4 | _aMineralization | |
| 653 | 4 | _aOssification centre | |
| 700 | 0 |
_aAhmed Hassan Rizk , _eSupervisor |
|
| 700 | 0 |
_aAtef Mohamed Morsy , _eSupervisor |
|
| 700 | 0 |
_aKhaled Abd El salam Shohayeb , _eSupervisor |
|
| 856 | _uhttp://172.23.153.220/th.pdf | ||
| 905 |
_aEnas _ecataloger |
||
| 905 |
_aMustafa _eRevisor |
||
| 942 |
_2ddc _cTH |
||
| 999 |
_c63789 _d63789 |
||